000
00333nam a2200145Ia 4500
100
_a
Philips/ Ravindran/A
250
_a
2
942
_c
RB
654
_a
Operation
245
_a
Operation research principles and practice
260
_b
WILEY EASTERN LIMITED
_c
2000
082
_a
658.4034
_b
RAV
300
_a
637
546
_a
ENGLISH
999
_c
19117
_d
19117